000 00756nam a2200217Ia 4500
001 12941
003 GE_BSU
008 181216s||||||||xx |||||||||||||| ||und||
040 _cGE_BSU
245 _aВопросы Культурологии. №9 2014
245 _bнаучно-практический и методический журнал.
245 _cГл.ред.Агошков Андрей Валерьевич
260 _aМосква
260 _c2014
300 _a105стр.26см.
653 _aВопросы Культурологии №9 2014
653 _aнаучно-практический и методический журнал.
653 _aПериодика
653 _aპერიოდიკა
942 _cCR
999 _c46110
_d46110